Sports Quiz

Random Sports or Clickable Quiz
Score 0/15 Timer 01:30
0 Plays Today
% Correct
Lakers
94.8%
Celtics
91.3%
Cavaliers
88.7%
Heat
88.7%
76ers
87%
Nets
82.6%
Pacers
82.6%
Magic
80%
% Correct
Bulls
79.1%
Spurs
78.3%
Bucks
67%
Hornets
46.1%
Mavericks
46.1%
Jazz
42.6%
Grizzlies
28.7%
Remove Ads.
Support Sporcle.
Get the best of Sporcle when you Go Orange. This ad-free experience offers more features, more stats, and more fun while also helping to support Sporcle. Thank you for becoming a member.

You're not logged in!

Compare scores with friends on all Sporcle quizzes.
OR
Log In

Show Comments

Extras

Top Quizzes Today


Score Distribution

Your Account Isn't Verified!

In order to create a playlist on Sporcle, you need to verify the email address you used during registration. Go to your Sporcle Settings to finish the process.

Report this User

Report this user for behavior that violates our Community Guidelines.

Details: